Music Quiz

Random Music or Bands Quiz
Score 0/64 Timer 10:00
0 Plays Today
Album Song % Correct
The ScriptBreakeven
81.3%
Freedom ChildRain
81.3%
Freedom ChildFreedom Child
81.3%
Sunsets & Full MoonsThe Last Time
81.3%
The ScriptThe Man Who Can't Be Moved
75%
Science & FaithScience & Faith
75%
#3Hall of Fame (feat. will.i.am)
75%
#3If You Could See Me Now
75%
No Sound Without SilenceSuperheroes
75%
Sunsets & Full MoonsUnderdog
75%
Science & FaithFor the First Time
68.8%
Science & FaithIf You Ever Come Back
68.8%
#3Six Degrees of Separation
68.8%
Freedom ChildArms Open
68.8%
Freedom ChildDivided States of America
68.8%
Sunsets & Full MoonsSomething Unreal
68.8%
Sunsets & Full MoonsRun Through Walls
68.8%
The ScriptWe Cry
62.5%
The ScriptThe End Where I Begin
62.5%
Science & FaithYou Won't Feel a Thing
62.5%
Science & FaithNothing
62.5%
#3Good Ol' Days
62.5%
#3Glowing
62.5%
#3Millionaires
62.5%
No Sound Without SilenceMan on a Wire
62.5%
No Sound Without SilenceFlares
62.5%
No Sound Without SilencePaint the Town Green
62.5%
Freedom ChildNo Man Is an Island
62.5%
Freedom ChildRock the World
62.5%
Freedom ChildWonders
62.5%
Freedom ChildMake Up
62.5%
Freedom ChildAwakening
62.5%
Album Song % Correct
Sunsets & Full MoonsSame Time
62.5%
Sunsets & Full MoonsHot Summer Nights
62.5%
The ScriptBefore the Worst
56.3%
The ScriptTalk You Down
56.3%
The ScriptRusty Halo
56.3%
The ScriptIf You See Kay
56.3%
Science & FaithDead Man Walking
56.3%
Science & FaithThis = Love
56.3%
#3Broken Arrow
56.3%
#3Kaleidoscope
56.3%
#3No Words
56.3%
No Sound Without SilenceThe Energy Never Dies
56.3%
Freedom ChildLove Not Lovers
56.3%
Freedom ChildEden
56.3%
Sunsets & Full MoonsHurt People Hurt People
56.3%
Sunsets & Full MoonsThe Hurt Game
56.3%
The ScriptFall for Anything
50%
Science & FaithLong Gone and Moved On
50%
Science & FaithExit Wounds
50%
No Sound Without SilenceNo Good in Goodbye
50%
No Sound Without SilenceArmy of Angels
50%
No Sound Without SilenceNever Seen Anything 'Quite Like You'
50%
No Sound Without SilenceWithout Those Songs
50%
No Sound Without SilenceHail Rain or Sunshine
50%
Freedom ChildMad Love
50%
Freedom ChildDeliverance
50%
Freedom ChildWritten in the Scars
50%
The ScriptI'm Yours
43.8%
#3Give the Love Around
43.8%
No Sound Without SilenceIt's Not Right for You
43.8%
Science & FaithWalk Away
37.5%
Sunsets & Full MoonsIf You Don't Love Yourself
37.5%
Come Together.
Have Fun.
All Virtual.
We all need to come together. Play Sporcle's virtual live trivia to have fun, connect with people, and get your trivia on. Join a live hosted trivia game for your favorite pub trivia experience done virtually. If a virtual private party is more your thing, go here for details.

You're not logged in!

Compare scores with friends on all Sporcle quizzes.
OR
Log In

Sporcle TV

Today on Sporcle TV


Watch our educational content, quiz creation guides, and fun videos on Sporcle TV.

Show Comments

Extras

Top Quizzes Today


Score Distribution

Paid Content

Your Account Isn't Verified!

In order to create a playlist on Sporcle, you need to verify the email address you used during registration. Go to your Sporcle Settings to finish the process.

Report this User

Report this user for behavior that violates our Community Guidelines.

Details: